Manuel de l'orateur et du lecteur et exercicies de récitation intelligente et accentuée (Record no. 153601)

MARC details
000 -LEADER
campo de control de longitud fija 00821nam a2200193 i 4500
001 - NÚMERO DE CONTROL
campo de control 153601
003 - IDENTIFICADOR DE NÚMERO DE CONTROL
campo de control ES-MaACL
005 - FECHA Y HORA DE LA ÚLTIMA TRANSACCIÓN
campo de control 20251003063133.0
008 - DATOS DE LONGITUD FIJA--INFORMACIÓN GENERAL
campo de control de longitud fija 950331s1850 fr a |||| | fre d
040 ## - FUENTE DE CATALOGACIÓN
Centro catalogador/agencia de origen EUS
Lengua de catalogación spa
Centro/agencia transcriptor EUS
100 1# - ENTRADA PRINCIPAL--NOMBRE DE PERSONA
Nombre de persona Duquesnois, Julien,
Fechas asociadas al nombre 1797-18?
9 (RLIN) 126880
245 10 - MENCIÓN DEL TÍTULO
Título Manuel de l'orateur et du lecteur et exercicies de récitation intelligente et accentuée
Resto del título : à l'usage des colléges royaux, des grands et petits séminaires et des pensionnants /
Mención de responsabilidad, etc. par Duquesnois.
250 ## - MENCION DE EDICION
Mención de edición 9e éd.
260 ## - PUBLICACIÓN, DISTRIBUCIÓN, ETC.
Lugar de publicación, distribución, etc. Paris :
Nombre del editor, distribuidor, etc. Delalain,
Fecha de publicación, distribución, etc. 1850 (
Fabricante Typographie de Scheider)
300 ## - DESCRIPCIÓN FÍSICA
Extensión 248 p. :
Otras características físicas il. ;
Dimensiones 17 cm.
650 #4 - PUNTO DE ACCESO ADICIONAL DE MATERIA--TÉRMINO DE MATERIA
Término de materia o nombre geográfico como elemento de entrada Oratoria.
9 (RLIN) 15732
852 ## - LOCALIZACIÓN
Ubicación ES-MaACL
Número de control de estantería T-1304-F-6
Nota libre -- Enc. hol. conservando la cub. original
-- -- Donativo Bosch
-- -- Enc en un vol. facticio
Holdings
Estatus retirado Estado de pérdida Estado de daño No para préstamo Colección Biblioteca de origen Biblioteca actual Ubicación en estantería Fecha de adquisición Total de préstamos Signatura topográfica completa Código de barras Visto por última vez Precio de reemplazo Tipo de ítem Koha
        Colección de folletos Biblioteca del Ateneo de Madrid Biblioteca del Ateneo de Madrid Depósito folletos 17/01/2008   T-1304-F-6 1160572 23/02/2023 23/02/2023 Folleto